Statistiques concernant Clubs de football commençant par A

Cliquez ici pour prendre le quiz!

Statistiques générales

  • Ce quiz a été pris 564 fois
    (514 depuis la dernière actualisation)
  • Le résultat moyen est 11 sur 12

Statistiques - réponses

Réponse% Correct
Ac Milan
99%
Arsenal
99%
Atlético de Madrid
97%
AC Ajaccio
95%
AS Roma
95%
Aston Villa
94%
Atalanta Bergame
86%
AJ Auxerre
82%
Anderlecht
80%
AL-Nassr
79%
Angers SCO
79%
AZ Alkmaar
67%

Distribution des résultats

Percentile par nombre de réponses

% des personnes avec chaque résultat

Votre développement - résultats

Vous n’avez pas pris ce quiz depuis la dernière actualisation